Statistics for MLB The Show 21 - 99 Overall Players - Diamond Dynasty

Click here to take the quiz!

General Stats

  • This quiz has been taken 30 times
  • The average score is 27 of 191

Answer Stats

ProgramPlayer% Correct
All-Star Game/HR Derby | FinestShohei Ohtani
55%
FinestFernando Tatis Jr.
50%
FinestMike Trout
50%
SignatureBabe Ruth
45%
PostseasonCorey Seager
45%
The 42Jackie Robinson
45%
All-Star Game/HR DerbyJacob deGrom
45%
FinestManny Machado
45%
AwardsMickey Mantle
45%
AwardsMookie Betts
45%
PostseasonYordan Alvarez
45%
AwardsBrooks Robinson
41%
Awards | FinestBryce Harper
36%
AwardsChipper Jones
36%
FinestFreddie Freeman
36%
Monthly AwardsJosh Bell
36%
MilestoneKen Griffey Jr..
36%
SignatureClayton Kershaw
32%
AwardsCody Bellinger
32%
Future StarsGrayson Rodriguez
32%
SignatureIvan Rodriguez
32%
Future StarsJulio Rodriguez
32%
SignatureNolan Arenado
32%
All-Star Game/HR DerbyRonald Acuña Jr.
32%
MilestoneFelix Hernandez
27%
MilestoneHank Aaron
27%
MilestoneJustin Verlander
27%
PostseasonKike Hernandez
27%
MilestoneMax Scherzer
27%
MilestoneNolan Ryan
27%
All-Star Game/HR DerbyPete Alonso
27%
MilestoneRicky Henderson
27%
MilestoneWalter Johnson
27%
Future StarsWander Franco
27%
SignatureBilly Wagner
23%
AwardsFrank Thomas
23%
FinestGerrit Cole
23%
PrimeHonus Wagner
23%
FinestJavier Baez
23%
Monthly AwardsJoey Votto
23%
FinestJuan Soto
23%
MilestoneLou Gehrig
23%
FinestMax Muncy
23%
FinestPaul Goldschmidt
23%
FinestTrea Turner
23%
SignatureVladimir Guerrero
23%
All-Star Game/HR DerbyVladimir Guerrero Jr.
23%
Future StarsAdley Rutschman
18%
FinestAustin Riley
18%
FinestCarlos Correa
18%
PostseasonChris Taylor
18%
MilestoneCy Young
18%
SignatureDavid Ortiz
18%
SignatureFrancisco Lindor
18%
FinestJ.D. Martinez
18%
MilestoneMariano Rivera
18%
MilestoneMike Schmidt
18%
SignaturePedro Martinez
18%
MilestoneReggie Jackson
18%
FinestSalvador Perez
18%
SignatureTony Gwynn
18%
AwardsWade Boggs
18%
MilestoneWillie Mays
18%
MilestoneAlbert Pujols
14%
MilestoneBob Gibson
14%
FinestBuster Posey
14%
MilestoneChris Sale
14%
MilestoneCraig Biggio
14%
SignatureDon Mattingly
14%
PostseasonEddie Rosario
14%
FinestEmanuel Clase
14%
MilestoneGreg Maddux
14%
MilestoneJeff Bagwell
14%
PrimeJoe Morgan
14%
AwardsJohnny Bench
14%
FinestKetel Marte
14%
AwardsLefty Grove
14%
FinestMarcus Semien
14%
MilestoneMiguel Cabrera
14%
SignatureMike Piazza
14%
PostseasonRafael Devers
14%
Monthly AwardsRhys Hoskins
14%
MilestoneShane Bieber
14%
FinestStarling Marte
14%
Topps NowTim Anderson
14%
PostseasonA.J. Pollock
9%
MilestoneAlfonso Soriano
9%
FinestAvisail Garcia
9%
Future StarsBobby Witt Jr.
9%
FinestBo Bichette
9%
FinestBrandon Lowe
9%
FinestBrandon Woodruff
9%
MilestoneCal Ripken Jr.
9%
MilestoneChristian Yelich
9%
FinestCJ. Cron
9%
FinestCorbin Burnes
9%
PrimeDuke Snider
9%
AwardsEddie Murray
9%
AwardsErnie Banks
9%
FinestFrank Schwindel
9%
SignatureGary Carter
9%
AwardsGeorge Brett
9%
PostseasonGeorge Springer
9%
MilestoneHal Newhouser
9%
MilestoneJimmie Fox
9%
AwardsJimmy Rollins
9%
SignatureJim Thome
9%
FinestJohnathan India
9%
FinestJorge Polanco
9%
MilestoneKenley Jansen
9%
MilestoneKerry Wood
9%
FinestKyle Tucker
9%
MilestoneMike Scott
9%
FinestNate Lowe
9%
FinestPatrick Wisdom
9%
All-Star Game/HR DerbyPrince Fielder
9%
FinestRaisel Iglesias
9%
MilestoneRalph Kiner
9%
Monthly AwardsRobbie Ray
9%
MilestoneTom Seaver
9%
Monthly AwardsTyler O'Neill
9%
PrimeWillie McCovey
9%
FinestAnthony Rendon
5%
MilestoneBob Feller
5%
FinestBrandom Nimmo
5%
FinestBrandon Crawford
5%
MilestoneBret Saberhagen
5%
FinestBryan Reynolds
5%
MilestoneCatfish Hunter
5%
Monthly AwardsCharlie Blackmon
5%
FinestCharlie Morton
5%
MilestoneChristy Mathewson
5%
MilestoneCorey Kluber
5%
FinestDylan Cease
5%
SignatureEddie Mathews
5%
MilestoneEric Davis
5%
SignatureFred McGriff
5%
Future StarsJarred Kelenic
5%
AwardsJason Giambi
5%
SignatureJohn Olderud
5%
AwardsJosh Donaldson
5%
AwardsKenny Lofton
5%
FinestKyle Lewis
5%
AwardsLarry Walker
5%
PostseasonLogan Webb
5%
FinestMarcus Stroman
5%
Monthly AwardsMatt Carpenter
5%
MilestoneMatt Kemp
5%
SignaturePaul Molitor
5%
SignatureRoberto Clemente
5%
SignatureRobin Yount
5%
FinestRyan Mountcastle
5%
AwardsStan Musial
5%
AwardsTodd Helton
5%
MilestoneVida Blue
5%
AwardsVinny Castilla
5%
FinestYoan Moncada
5%
FinestZach Wheeler
5%
AwardsAl Kaline
0%
FinestAnthony Santander
0%
MilestoneBarry Larkin
0%
MilestoneCole Hamels
0%
AwardsDave Parker
0%
MilestoneDennis Eckersley
0%
MilestoneEric Gagne
0%
FinestFrankie Montas
0%
All-Star Game/HR DerbyFreedy Peralta
0%
SignatureGary Sheffield
0%
MilestoneGreg Foster
0%
MilestoneHarmon Killibew
0%
MilestoneJake Arriera
0%
FinestJeimer Candelario
0%
FinestJesse Winker
0%
FinestJohn Means
0%
PostseasonJorge Soler
0%
FinestKirby Yates
0%
MilestoneLuis Gonzalez
0%
SignatureMinnie Minoso
0%
FinestMitch Haniger
0%
SignatureMonte Irvin
0%
Future StarsNate Pearson
0%
MilestoneOrel Hershiser
0%
MilestoneRich Gossage
0%
MilestoneRon Guidry
0%
FinestSandy Alcantara
0%
Future StarsSpencer Torkelson
0%
FinestWalker Buehler
0%
SignatureWill Clark
0%
FinestYuli Gurriel
0%

Score Distribution

Percentile by Number Answered

Percent of People with Each Score

Your Score History

You have not taken this quiz